Spell the Marvel Hero #116 - Statistics

General Stats
  • This quiz has been taken 17 times
  • The average score is 7 of 8
Answer Stats
Picture Answer % Correct
Human Torch
100%
War Machine
100%
Echo
91%
Hawkeye
82%
Kitty Pryde
82%
Yelena Belova
82%
El Muerto
73%
Auntie Ante
55%
No matching quizzes found
Score Distribution
Percent of People with Each Score
Percentile by Number Answered
Your Score History
You have not taken this quiz